000 00798nam a22002177a 4500
999 _c4893
_d4893
003 AR-CdUCM
008 190226b ||||| |||| 00| 0 spa d
040 _aMUNICIPALIDAD PROVINCIAL DEL CUSCO
_cBIBLIOTECA MUNICIPAL DEL CUSCO
082 _21ed.
_a189 /
_bC76
100 _aCopleston,F. C.
_915038
245 _aEl pensamiento de Santo Tomás /
260 _aMéxico :
_bFondo de Cultura Económica ,
_c1960.
300 _a292 páginas ;
_c17.3 cm.
440 _aBrevarios del Fondo de Cultura Economica
_n154
_915039
505 _aEl mundo y la metafisica -- Dios y la Creacion -- El hombre: cuerpo y alma -- El hombre: moral y sociedad - el tomismo...
650 _aTomismo
_915040
650 _aMetafisica
_92817
650 _aDios y la Creacion
_915041
942 _2ddc
_cLIBROS
945 _artm